|
|
|
|
| LEADER |
00000naa2a2200000 4500 |
| 001 |
124806 |
| 005 |
20251203125719.0 |
| 035 |
|
|
|a (RuTPU)RU\TPU\book\135064
|
| 090 |
|
|
|a 124806
|
| 100 |
|
|
|a 20071108d2005 k y0rusy50 ca
|
| 101 |
0 |
|
|a rus
|
| 102 |
|
|
|a RU
|
| 135 |
|
|
|a drnn ---uucaa
|
| 181 |
|
0 |
|a i
|
| 182 |
|
0 |
|a b
|
| 200 |
1 |
|
|a Возможность использования гуматных сорбентов при рекультивации земель после проведения аварийно-восстановительных работ на нефтепроводе
|f А. С. Кремис
|g науч. рук. Н. В. Чухарева
|
| 203 |
|
|
|a Текст
|c электронный
|
| 215 |
|
|
|a 1 файл ( 397 Кб)
|
| 300 |
|
|
|a Заглавие с титульного листа
|
| 300 |
|
|
|a Электронная версия печатной публикации
|
| 320 |
|
|
|a Библиогр.: 7 назв.
|
| 337 |
|
|
|a Adobe Reader
|
| 463 |
|
0 |
|0 (RuTPU)RU\TPU\book\111467
|y 5-89503-079-3
|t Проблемы геологии и освоения недр
|o труды Девятого международного симпозиума им. М. А. Усова, 2005 г. Томск
|f Томский политехнический университет; Проблемы геологии и освоения недр; под ред. Г. М. Ивановой, А. В. Шадриной
|v [С. 543-545]
|d 2005
|
| 610 |
1 |
|
|a нефтепроводы
|
| 610 |
1 |
|
|a аварийно-восстановительные работы
|
| 610 |
1 |
|
|a сорбенты
|
| 610 |
1 |
|
|a гумат
|
| 610 |
1 |
|
|a рекультивация земель
|
| 610 |
1 |
|
|a загрязнение
|
| 610 |
1 |
|
|a почва
|
| 610 |
1 |
|
|a очистка
|
| 610 |
1 |
|
|a электронный ресурс
|
| 610 |
1 |
|
|a труды учёных ТПУ
|
| 700 |
|
1 |
|a Кремис
|b А. С.
|
| 702 |
|
1 |
|a Чухарева
|b Н. В.
|c специалист в области нефтегазового дела
|c доцент Томского политехнического университета, кандидат химических наук
|f 1967-
|g Наталья Вячеславовна
|4 727
|
| 801 |
|
1 |
|a RU
|b 63413507
|c 20071108
|g PSBO
|
| 801 |
|
2 |
|a RU
|b 63413507
|c 20150205
|g RCR
|
| 856 |
4 |
|
|u http://www.lib.tpu.ru/fulltext/v/Conferences/2005/K01/118.pdf
|
| 942 |
|
|
|c CF
|